00000000nam##2200000za#4500
0019.697042
003CaOODSP
00520210624235315
007cr |||||||||||
008150407|1994||||xxc|||||o    f|0| 0 eng|d
040 |aCaOODSP|beng
043 |an-cn---
0861 |aCS92-N0027/1994E-PDF
24500|aReport on qualitative testing of 2a and 2b questionnaires for the 1996 Census Of Canada |h[electronic resource]
260 |aOttawa - Ontario : |bStatistics Canada |c1996.
500 |aHistorical census publication digitized by Statistics Canada.
590 |a12-44-Supp|b2012-12-13
69007|aCensus|2gcpds
69007|aTesting|2gcpds
7102 |aStatistics Canada.
85640|ahttp://publications.gc.ca|qPDF|s53.9 MB|uhttps://publications.gc.ca/collections/collection_2012/statcan/rh-hc/CS92-N0027-1996-eng.pdf